| 000 | 00480nam a2200157Ia 4500 | ||
|---|---|---|---|
| 003 | LK-CoDNM | ||
| 008 | 010623t1986 xxu||||| |||| 00| 1 sin d | ||
| 040 |
_aLK-CoDNM _dLK-CoDNM _eLK-CoDNM |
||
| 041 | _asin | ||
| 080 | _a23 PBOX | ||
| 245 | _aසුභ අස්න ශුද්ධවර මාක් තුමන් විසිනි | ||
| 246 | _aSubha Asna Shuddhavara Mark Thuman Visini | ||
| 260 |
_bSri Lanka Bibal Society _c1986 |
||
| 300 | _b39p., 18 cm | ||
| 942 | _cBK | ||
| 999 |
_c113478 _d113478 |
||